WWE Best Finishers ever Quiz - Statistics

General Stats
  • This quiz has been taken 260 times
  • The average score is 25 of 36
Answer Stats
Super Star Finisher % Correct
Rey Mysterio 619
94%
CM Punk Go to Sleep
93%
Brock Lesnar F-5
92%
Batista Batista Bomb
91%
Randy Orton RKO
91%
The Rock Rock Bottom
91%
John Cena Attitude Adjustment
89%
Triple H Pedigree
88%
Roman Reigns Spear
88%
The Undertaker Tombstone Piledriver
88%
Steve Austin Stone Cold Stunner
86%
Shawn Michaels Sweet Chin Music
86%
AJ Styles Styles Clash
83%
Bray Wyatt Sister Abigail
80%
Jeff Hardy Swanton Bomb
80%
Seth Rollins Curb Stomp
79%
Bill Goldberg Jackhammer
79%
Sheamus Brogue Kick
78%
Kevin Owens Pop-Up Powerbomb
77%
Daniel Bryan Yes Lock
67%
Christian Killswitch
65%
Bret Hart Sharpshooter
64%
Kurt Angle Ankle Lock
62%
Jake 'the Snake' Roberts DDT
61%
Diamond Dallas Page Diamond Cutter
59%
Big Show KO Punch
58%
Finn Balor Coup de Grace
56%
Rob Van Dam Five Star Frog Splash
53%
Shinsuke Nakamura Kinshasa
49%
Ric Flair Figure Four Leglock
47%
Mr.Perfect Perfectplex
42%
Scott Hall Razor's Edge
41%
Kevin Nash Jackknife Powerbomb
39%
Jimmy'Superfly'Snuka Superfly Splash
34%
Chris Benoit Crippler Crossface
27%
Randy Savage Diving Elbow Drop
23%
No matching quizzes found
Score Distribution
Percent of People with Each Score
Percentile by Number Answered
Your Score History
You have not taken this quiz